Kapitalizm ve Türkiye (Record no. 8789)

MARC details
000 -BAŞLIK
Sabit Uzunlukta Kontrol Alanı 01154na a2200349 4500
001 - KONTROL NUMARASI
Denetim Alanı 17307
003 - KONTROL NUMARASI IDENTIFIER
Denetim Alanı MIRAKIL
005 - SON İŞLEM TARİHİ VE ZAMANI
Denetim Alanı 20181213155224.0
008 - SABİT-BOY VERİ ELEMANLARI - GENEL BİLGİLER
Sabit Uzunlukta Kontrol Alanı 161114b tu 000 0
020 ## - ULUSLARARASI STANDART KİTAP NUMARASI
Uluslararası Standart Kitap Numarası 9759051060
035 ## - SİSTEM KONTROL NUMARASI
Sistem Kontrol Numarası 17307
040 ## - KATALOGLAMA KAYNAK
Orijinal Kataloglama Ajansı Milas
Kataloglama Dili tur
Metne Dönüştürmek Ajansı TR-AnCHP
041 ## - DİL KODU
Metin / Ses Parça Veya Ayrı Başlığın Dil Kodu tur
082 ## - DEWEY ONLU SINIFLANDIRMA NUMARASI
Sınıflandırma Numarası 330.122
Ürün Numarası U48k 2005
090 ## - SINIFLAMA NUMARASI
Sınıflama Numarası 330.122 U48k 2005
111 ## - ANA GİRİŞ - TOPLANTI ADI
Giriş Elemanı Olarak Toplantı Adı Veya Yargı Alanı Adı Ulusal Sosyal Bilimler Kongresi
Toplantının Yeri Ankara
Toplantı Veya Antlaşma İmzalandığı Tarihi 2005
Bölüm / Bölüm / Toplantı Sayısı 8
245 ## - BAŞLIK TABLOSU
Başlık Kapitalizm ve Türkiye
Sorumluluk Tablosu, Vb hazırlayanlar Fuat Ercan, Yüksel Akkaya
246 ## - UNVAN FORM VARYING
Başlık Doğru / Kısa Başlığı Emek, siyasal yaşam ve bölgesel kalkınma
246 ## - UNVAN FORM VARYING
Başlık Doğru / Kısa Başlığı Kapitalizm, tarih ve ekonomi
260 ## - YAYIN, DAĞITIM, VB
Yayın, Dağıtım, Vb Yeri Ankara
Yayıncı, Dağıtıcı, Vs Adı Dipnot Yayınları
Yayın, Dağıtım, Vb Tarihi 2005
300 ## - FİZİKSEL TANIM
Kapsam 2 c.
Diğer Fiziksel Ayrıntıları tbl.
Boyutlar 21 sm.
490 ## - SERİSİ TABLOSU
Seri Beyanı Memleket halleri dizisi
Hacim / Ardışık Tanımı 3
490 ## - SERİSİ TABLOSU
Seri Beyanı Dipnot Yayınları
Hacim / Ardışık Tanımı 5
504 ## - KAYNAKÇA VB NOT
Kaynakça Vb Notu Kaynakça var.
505 ## - BİÇİMLENDİRİLDİ İÇİNDEKİLER NOT
Biçimlendirilmiş İçeriği Dikkat c. 1: Kapitalizm, tarih ve ekonomi -- c. 2: Emek, siyasal yaşam ve bölgesel kalkınma
650 ## - KONU KATMA GİRİŞ - TOPİKAL DÖNEM
Topikal Süreli Veya Coğrafi Ad Giriş Elemanı Kapitalizm
Genel Alt Bölümü Türkiye
Kronolojik Alt Bölümü Toplantılar
651 ## - KONU KATMA GİRİŞ - COĞRAFİ ADI
Coğrafi İsim Türkiye
Genel Alt Bölümü Ekonomik durum
Kronolojik Alt Bölümü Toplantılar
651 ## - KONU KATMA GİRİŞ - COĞRAFİ ADI
Coğrafi İsim Türkiye
Genel Alt Bölümü Ekonomi politikaları
Kronolojik Alt Bölümü Toplantılar
700 ## - KATMA GİRİŞ - KİŞİSEL İSİM
Kişisel Ad Akkaya, Yüksel
700 ## - KATMA GİRİŞ - KİŞİSEL İSİM
Kişisel Ad Ercan, Fuat
942 ## - EKLENDİ GİRİŞ ELEMANLARI (KOHA)
Sınıflandırma Veya Raf Düzeni Kaynak Dewey Decimal Classification
Koha Öğesi Türü Books
999 ## - SİSTEM KONTROL NUMARALARI (KOHA)
Koha Biblionumber 8789
Koha Biblioitemnumber 8789
Holdings
Kalıcı Konum Mevcut Konum Edinme Tarihi Edinim Kaynak Toplam Check-Out'Lar Tam Çağrı Numarası Barkod Tarih Son Görülme İtibaren Geçerli Fiyatlar Koha Öğesi Türü Seri Numaralandırma / Kronolojik
CHP Kütüphanesi CHP Kütüphanesi 11/14/2016 Bağış   330.122 U48k 2005 000276 11/14/2016 11/14/2016 Books  
CHP Kütüphanesi CHP Kütüphanesi 10/24/2016 Bağış   330.122 U48k 2005 007114 10/24/2016 10/24/2016 Books c.2
Parti Okulu Kütüphanesi Parti Okulu Kütüphanesi 05/15/2017 Bağış   330.122 U48k 2005 P00679 05/15/2017 05/15/2017 Books